MARC details
| 000 -LEADER |
| fixed length control field |
00932nam a2200241Ia 4500 |
| 003 - CONTROL NUMBER IDENTIFIER |
| control field |
IN-BaIIA |
| 008 - FIXED-LENGTH DATA ELEMENTS--GENERAL INFORMATION |
| fixed length control field |
211028s9999 xx 000 0 eng d |
| 020 ## - INTERNATIONAL STANDARD BOOK NUMBER |
| International Standard Book Number |
3-540-63822-9 |
| 040 ## - CATALOGING SOURCE |
| Transcribing agency |
IIA Library |
| 080 ## - UNIVERSAL DECIMAL CLASSIFICATION NUMBER |
| Universal Decimal Classification number |
524.6-33 |
| Item number |
ESO |
| 111 ## - MAIN ENTRY--MEETING NAME |
| Meeting name or jurisdiction name as entry element |
European Southern Observatory Workshop |
| Location of meeting |
Germany |
| Date of meeting or treaty signing |
1996 Nov. 18-20 |
| 9 (RLIN) |
22765 |
| 245 #0 - TITLE STATEMENT |
| Title |
Galaxy scaling relations-origins, evolution and applications |
| Remainder of title |
proceedings of the ESO workshop held in Garching, Germany, 18-20 November 1996 |
| Statement of responsibility, etc. |
edited by Luiz Nicoaci da Costa and Alvio Renzini |
| 260 ## - PUBLICATION, DISTRIBUTION, ETC. |
| Place of publication, distribution, etc. |
Berlin |
| Name of publisher, distributor, etc. |
Springer-Verlag |
| Date of publication, distribution, etc. |
1997 |
| 300 ## - PHYSICAL DESCRIPTION |
| Extent |
xx, 404p. |
| 490 ## - SERIES STATEMENT |
| Series statement |
ESO astrophysics symposia |
| 650 ## - SUBJECT ADDED ENTRY--TOPICAL TERM |
| Topical term or geographic name entry element |
Galaxy |
| 9 (RLIN) |
3368 |
| 650 ## - SUBJECT ADDED ENTRY--TOPICAL TERM |
| Topical term or geographic name entry element |
Galaxy- evolution |
| 9 (RLIN) |
6225 |
| 650 ## - SUBJECT ADDED ENTRY--TOPICAL TERM |
| Topical term or geographic name entry element |
Galaxy- origin |
| 9 (RLIN) |
22766 |
| 700 ## - ADDED ENTRY--PERSONAL NAME |
| Personal name |
da Costa, Luiz Nicoaci, ed. |
| 9 (RLIN) |
22767 |
| 700 ## - ADDED ENTRY--PERSONAL NAME |
| Personal name |
Renzini, Alvio., ed. |
| 9 (RLIN) |
11645 |
| 710 ## - ADDED ENTRY--CORPORATE NAME |
| Corporate name or jurisdiction name as entry element |
European Southern Observatory |
| 9 (RLIN) |
10914 |
| 942 ## - ADDED ENTRY ELEMENTS (KOHA) |
| Koha item type |
Books |